000 01421nam0a22003251 4500
001 rc\3386819
005 20220602105123.0
021 _aRU
_b[70-2835]
035 _a(NLR Aleph) 007536873
090 _a7772219
_c7772219
100 _a20130115d1969 |||y0rusy50 ca
101 0 _arus
102 _aRU
105 _aa z |||||
200 1 _aАлмазное бурение направленных и многозабойных скважин
_f[Ред. коллегия: А.В. Марамзин (пред.) и др.]
210 _aЛенинград
_cНедра. Ленингр. отд-ние
_d1969
215 _a93 с.
_cил.
_d21
225 1 _aБиблиотека мастера алмазного бурения
300 _aПеред загл. авт.: В.Г. Вартыкян, А.М. Курмашев, Ю.Т. Морозов и др.
606 _aБурение разведочное, алмазное
_2psbo
701 1 _aВартыкян
_bВ. Г.
_gВартан Георгиевич
701 1 _aКурмашев
_bА. М.
701 1 _aМорозов
_bЮ. Т.
_cд-р техн. наук, автор стихов
_f1931-
_gЮрий Тимофеевич
_3RU\NLR\AUTH\7747494
702 1 _aМарамзин
_bА. В.
_gАлександр Васильевич
_4340
801 0 _aRU
_bNLR
_gpsbo
801 1 _aRU
_bELAR
_2rusmarc
852 _aNLR
_j69-6/14100
942 _cBOOK
980 _aNB